Normal view
MARC view
Entry Corporate Name
001 - CONTROL NUMBER
- control field: 15535
003 - CONTROL NUMBER IDENTIFIER
- control field: ARRUPE
005 - DATE AND TIME OF LATEST TRANSACTION
- control field: 20150225130932.0
008 - FIXED-LENGTH DATA ELEMENTS
- fixed length control field: 150225|| aca||aabn | a|a d
040 ## - CATALOGING SOURCE
- Original cataloging agency: ARRUPE
- Transcribing agency: ARRUPE
110 ## - HEADING--CORPORATE NAME
- Corporate name or jurisdiction name as entry element: Institute of Social Studies (Netherlands)
670 ## - SOURCE DATA FOUND
- Source citation: Work cat.: (ARRUPE)0: Paton, Bill. 15531, Labour export policy in the development of Southern Africa /, 1995.